Homenaje a Gerardo Diego, premio Miguel de Cervantes (Record no. 4872)

MARC details
000 -LEADER
campo de control de longitud fija 01020njm a2200241 i 4500
001 - NÚMERO DE CONTROL
campo de control 4872
003 - IDENTIFICADOR DE NÚMERO DE CONTROL
campo de control ES-MaACL
005 - FECHA Y HORA DE LA ÚLTIMA TRANSACCIÓN
campo de control 20240619063053.0
007 - CAMPO FIJO DE DESCRIPCIÓN FÍSICA--INFORMACIÓN GENERAL
campo de control de longitud fija s|r|||||||||||
008 - DATOS DE LONGITUD FIJA--INFORMACIÓN GENERAL
campo de control de longitud fija 070820s1980 sp ||| g ||||||||1|nspa d
245 00 - MENCIÓN DEL TÍTULO
Título Homenaje a Gerardo Diego, premio Miguel de Cervantes
Medio [Grabación sonora]
Resto del título : lectura de sus poemas.
260 ## - PUBLICACIÓN, DISTRIBUCIÓN, ETC.
Lugar de publicación, distribución, etc. Madrid :
Nombre del editor, distribuidor, etc. Ateneo de Madrid,
Fecha de publicación, distribución, etc. 1980.
300 ## - DESCRIPCIÓN FÍSICA
Extensión 2 discos (CD-DA) (1 h. 32 min. 20 seg.) ;
Dimensiones 12 cm.
500 ## - NOTA GENERAL
Nota general Datos basados en la invitación.
518 ## - NOTA DE FECHA/HORA Y LUGAR DE UN ACONTECIMIENTO
Nota de fecha/hora y lugar de un acontecimiento Acto organizado por el Aula de Poesía del Ateneo de Madrid, grabado en la sala de conferencias el miércoles 13 de febrero de 1980, a las 20:00 h.
600 14 - PUNTO DE ACCESO ADICIONAL DE MATERIA--NOMBRE DE PERSONA
Nombre de persona Diego, Gerardo,
Fechas asociadas al nombre 1896-1987-
Subdivisión de forma Homenajes
9 (RLIN) 44548
610 24 - PUNTO DE ACCESO ADICIONAL DE MATERIA--NOMBRE DE ENTIDAD CORPORATIVA
Nombre de entidad corporativa o nombre de jurisdicción como elemento de entrada Ateneo de Madrid-
Subdivisión general Actos culturales-
Subdivisión cronológica 1980-
Subdivisión de forma Grabaciones sonoras.
9 (RLIN) 1891
710 2# - ENTRADA AGREGADA--NOMBRE DE ENTIDAD CORPORATIVA
Nombre de entidad corporativa o nombre de jurisdicción como elemento de entrada Ateneo de Madrid.
Unidad subordinada Aula de Poesía.
9 (RLIN) 1949
852 ## - LOCALIZACIÓN
Ubicación ES-MaACL
Número de control de estantería ROT 4/2/38
itemnumber 4989
Ubicación en estantería Rotativo
852 ## - LOCALIZACIÓN
Ubicación ES-MaACL
Número de control de estantería ROT 4/2/39
itemnumber 203531
Ubicación en estantería Rotativo
942 ## - ELEMENTOS DE ENTRADA SECUNDARIOS (KOHA)
Fuente del sistema de clasificación o colocación Clasificación decimal universal
Holdings
Estatus retirado Estado de pérdida Fuente del sistema de clasificación o colocación Estado de daño No para préstamo Colección Biblioteca de origen Biblioteca actual Ubicación en estantería Fecha de adquisición Total de préstamos Signatura topográfica completa Código de barras Visto por última vez Precio de reemplazo Tipo de ítem Koha
    Clasificación decimal universal     Archivo de la palabra Biblioteca del Ateneo de Madrid Biblioteca del Ateneo de Madrid Rotativo 17/01/2008   ROT 4/2/38 1004935 23/02/2023 23/02/2023 Archivo de ordenador en CD-ROM, CD o disquete
    Clasificación decimal universal     Archivo de la palabra Biblioteca del Ateneo de Madrid Biblioteca del Ateneo de Madrid Rotativo 17/01/2008   ROT 4/2/39   17/06/2024 23/02/2023 Archivo de ordenador en CD-ROM, CD o disquete